000 00610nam a22002297a 4500
003 UA-OsUOA
001 38426
007 ta
008 20060510b un ||||| |||| 00| 0 ukr d
090 _a159.96
_bП86
942 _cBK
040 _aUA-OsUOA
_brus
_cUA-OsUOA
_dUA-OsUOA
245 _aПсихология состояний
_bХрестоматия
_cПод ред. Прохорова А. О.
300 _a608 с.
955 _a2
041 _arus
080 _a159.96
020 _a5-9292-0123-4
260 _aМ.
_bПЕР СЭ
_c2004
650 7 _a159.9 Психологія
_2UDC
999 _c324579
_d324579